00697 a2200169 45000010006000000050017000060080041000230030015000640400040000790800074001192450040001932640027002333000019002605050222002790410008005011000018005093711220260407155641.0260407a1972 arg spa dAR-UNSa-BCEJYS aAR-UNSa-BCEJYSbspacAR-UNSa-BCEJYS a658.115xEmpresas públicas, estatales y nacionalizadas (Economía)10aEmpresa públicaptextos escogidos 1aMadrid :bTecnosc1972 a351 p.c23 cm. a1. Principios de determinación de los precios optimos y criterios de inversión - 2. Aplicaciones en el caso de industrias concretas - 3. La actuación de la empresa pública: análisis de cuatro casos concretos aspa1 aTurvey, Ralph